000 01326cam a22003737a 4500
003 CHAP
005 20220817043538.0
008 990603d1996 mx r 00110 spa d
010 _a78127
011 _a79099
020 _a9687798041
035 _a89251
040 _cCHAP
082 0 4 _a378.72
_bL3
100 0 0 _aLópez Zárate, Romualdo.
_968447
245 1 3 _aEl financiamiento a la educación superior 1982-1994
_c/por Romualdo López Zárate
260 _aMéxico, D.F. :
_bAsociación Nacional de Universidades e Instituciones de Educación Superior,
_c1996.
300 _a296 p. :
_bgráfs. ; cuadros
410 _aANUIES
490 0 _aBiblioteca de la educación superior. Serie investigaciones
590 _aBATCH-UPD
_b10
_c20130110
_lUCH01
_h0807
590 _aBATCH-UPD
_b10
_c20130410
_lUCH01
_h0445
590 _aBATCH-UPD
_b10
_c20130914
_lUCH01
_h0618
590 _aCONVERSION
_b10
_c20130109
_lUCH01
_h1343
650 1 4 _aEducación superior.
650 1 4 _aEducación superior
_xCostos.
_935619
650 1 4 _aEducación superior
_xFinanciamiento.
_935635
810 0 0 _aANUIES
_96161
830 0 _aBiblioteca de la educación superior. Serie investigaciones
901 _aBK
905 _aBlanca M. García O.
942 _cLIBRO
949 _a378.72 L3
_bBC
_cLIBRO
_d33724000726121
_eLIBRO
_h95566
_i89251
_sb
999 _c78127
_d78127